000 00205 a2200097 4500
001 29712
100 _aAziz
245 _aHistory of Pakistan
260 _a
_bKazi Publishers
_c1979
090 _c19732
_d19732
942 _aNUST-CAE
_cM
_c10816
999 _c264785
_d264785